Cơ sở vi sinh học

Wedi'i Gadw mewn:
Manylion Llyfryddiaeth
Prif Awdur: Nguyễn, Thành Đạt
Fformat: Llyfr
Iaith:Undetermined
Cyhoeddwyd: Hà Nội Giáo dục 1980
Pynciau:
Tagiau: Ychwanegu Tag
Dim Tagiau, Byddwch y cyntaf i dagio'r cofnod hwn!
Thư viện lưu trữ: Trung tâm Học liệu Trường Đại học Cần Thơ
LEADER 00463nam a2200169Ia 4500
001 CTU_8210
008 210402s9999 xx 000 0 und d
082 |a 576.1 
082 |b Đ110c 
100 |a Nguyễn, Thành Đạt 
245 0 |a Cơ sở vi sinh học 
245 0 |c Nguyễn Thành Đạt 
260 |a Hà Nội 
260 |b Giáo dục 
260 |c 1980 
650 |a Microbiology 
980 |a Trung tâm Học liệu Trường Đại học Cần Thơ